000 00322nam a22001457a 4500
008 210304b ||||| |||| 00| 0 eng d
020 _a2901269066791
041 _aeng
080 _212th
_a004
082 _a004
100 _a28
101 _aSHKI
245 _aComputers are your Future
_cLaBerta, C
942 _2udc
_cBK
999 _c55724
_d55724